|
|
|
|
| LEADER |
00000nab a2200000 a 4500 |
| 001 |
vtls000741097 |
| 003 |
SK-MaSNL |
| 005 |
20260305000136.0 |
| 008 |
250429c2000 xo 0 slo |
| 015 |
|
|
|a SNBRB2000/12-34782
|
| 035 |
|
|
|a CLN000092939
|
| 035 |
|
|
|a urn:nbn:sk:snk-ab6ju6
|
| 035 |
|
|
|a (uuid)ec18deb0-4797-49be-a1c5-f8969600d3a8
|
| 035 |
|
|
|a (urnnbn)urn:nbn:sk:snk:ar-004ozq
|
| 035 |
|
|
|a (sysno)vtls000741097
|
| 040 |
|
|
|a SNKBUCL
|b slo
|c SNKBUCL
|e AACR2
|
| 041 |
0 |
|
|a slo
|
| 044 |
|
|
|a xo
|c SK
|
| 080 |
|
|
|a 551.501.5
|2 1997
|
| 100 |
1 |
|
|a Kaniansky, Stanislav,
|d 1968-
|4 aut
|9 19666
|
| 245 |
1 |
0 |
|a Ako predpovedať počasie na základe prirodzeného pozorovania v prírode (1)
|c Stanislav Kaniansky
|
| 300 |
|
|
|b Fotogr., obr.
|
| 500 |
|
|
|a Pokračovanie v č. 2 (2001), s. 24-25
|
| 650 |
0 |
7 |
|a počasie
|x predpoveď
|2 snkbucl
|9 1574381
|
| 650 |
0 |
7 |
|a predpoveď počasia
|2 snkbucl
|9 19667
|
| 655 |
|
7 |
|a články z novín a časopisov
|2 snkbucl
|9 267496
|
| 773 |
0 |
|
|t Enviromagazín
|g Roč. 5, č. 5 (2000), s. 18-19
|x 1335-1877
|
| 850 |
|
|
|a Slovenská národná knižnica
|
| 852 |
|
|
|a Slovenská národná knižnica
|
| 954 |
|
|
|a odborná, vedecká literatúra pôvodná (slovenská)
|2 lita
|
| 958 |
|
|
|a article27
|
| 958 |
|
|
|a OND
|
| 958 |
|
|
|a EUIPO
|
| 992 |
|
|
|a RBX
|
| 999 |
|
|
|c 3212321
|d 3214251
|